Storia della Chiesa / (Record n. 29118)

Dettagli MARC
000 -LEADER
fixed length control field 01140nam a2200313 i 4500
003 - CONTROL NUMBER IDENTIFIER
control field IT-RoINE
005 - DATE AND TIME OF LATEST TRANSACTION
control field 20190213073114.0
008 - FIXED-LENGTH DATA ELEMENTS--GENERAL INFORMATION
fixed length control field 920310s1988 it |||||r |||||||ita|d
020 ## - INTERNATIONAL STANDARD BOOK NUMBER
International Standard Book Number 8831132016
040 ## - CATALOGING SOURCE
Transcribing agency IT-RoINE
Modifying agency IT-RoINE
041 1# - LANGUAGE CODE
Language code of text/sound track or separate title ita
Language code of accompanying material other than librettos ger
100 1# - MAIN ENTRY--PERSONAL NAME
Personal name Hertling, Ludwig von,
9 (RLIN) 4450
Titles and other words associated with a name S.I.,
Dates associated with a name 1892-1980
240 10 - UNIFORM TITLE
Uniform title Geschichte des katholischen Kirche.
Language of a work Italiano
245 10 - TITLE STATEMENT
Title Storia della Chiesa /
Statement of responsibility, etc Ludwig Hertling ; nuova edizione aggiornata a cura di Alessandro Galuzzi e Franco Molinari.
250 ## - EDITION STATEMENT
Edition statement 5ª ed.
260 ## - PUBLICATION, DISTRIBUTION, ETC. (IMPRINT)
Place of publication, distribution, etc Roma :
Name of publisher, distributor, etc Cittaà nuova,
Date of publication, distribution, etc 1988.
300 ## - PHYSICAL DESCRIPTION
Extent 739 p. ;
Dimensions 22 cm.
336 ## - CONTENT TYPE
Source rdacontent
Content type term text
337 ## - MEDIA TYPE
Source rdamedia
Media type term unmediated
338 ## - CARRIER TYPE
Source rdacarrier
Carrier type term volume
500 ## - GENERAL NOTE
General note Traducción de: Geschichte des katholischen Kirche.
500 ## - GENERAL NOTE
General note Subtít. de la cop.: La penetrazione dello spazio umano ad opera del cristianesimo.
500 ## - GENERAL NOTE
General note Incluye índices.
504 ## - BIBLIOGRAPHY, ETC. NOTE
Bibliography, etc Bibliografía: p. [695]-703.
610 24 - SUBJECT ADDED ENTRY--CORPORATE NAME
9 (RLIN) 1635
Corporate name or jurisdiction name as entry element Iglesia Católica
General subdivision Historia
700 1# - ADDED ENTRY--PERSONAL NAME
Personal name Molinari, Franco,
9 (RLIN) 49830
Dates associated with a name 1928-1991
700 1# - ADDED ENTRY--PERSONAL NAME
Personal name Galuzzi, Alessandro,
9 (RLIN) 52657
Titles and other words associated with a name O.M.,
Dates associated with a name 1941-
942 ## - ADDED ENTRY ELEMENTS (KOHA)
Item type Monografías
Dati di copia
Withdrawn status Lost status Damaged status Not for loan Home library Current library Date acquired Total Checkouts Full call number Barcode Date last seen Price effective from Koha item type
        Iglesia Nacional Española en Roma Iglesia Nacional Española en Roma 13/02/2019   NOVALÍN 1587 NOV-1738 13/02/2019 13/02/2019 Monografías